Russian Verb Aspect Practice - A2 (НСВ to СВ) - Statistics

General Stats
  • This quiz has been taken 9 times
  • The average score is 6 of 10
Answer Stats
Meaning Imperfective Perfective % Correct
to leave уходить уйти
100%
to tell рассказывать рассказать
100%
to understand понимать понять
100%
to lie (around) лежать полежать
100%
to be afraid бояться забояться
100%
to decide / solve заниматься заняться
100%
to turn out оказываться оказаться
100%
to continue продолжать продолжить
100%
to be silent молчать замолчать
100%
to go (by transport) ехать поехать
100%
to raise / lift поднимать поднять
100%
to take брать взять
100%
to place / put ставить поставить
100%
to take / accept принимать принять
100%
to get up вставать встать
100%
to meet встречать встретить
100%
to appear появляться появиться
100%
to please нравиться понравиться
100%
to show показывать показать
100%
to try стараться постараться
100%
to learn учить выучить
100%
to happen случаться случиться
100%
to call называть назвать
100%
to open открывать открыть
100%
to stay оставаться остаться
100%
to eat есть съесть
100%
to demand требовать потребовать
100%
to sing петь спеть
67%
to listen слушать послушать
50%
to recognize / find out узнавать узнать
50%
to enter входить войти
50%
to begin начинаться начаться
50%
to come приходить прийти
33%
to go through проходить пройти
0%
to wait ждать подождать
0%
to get получать получить
0%
to find находить найти
0%
to go and return ходить сходить
0%
to answer отвечать ответить
0%
to remember помнить вспомнить
0%
to request просить попросить
0%
to come back возвращаться вернуться
0%
to sleep спать поспать
0%
to arrive приезжать приехать
0%
to approach подходить подойти
0%
to play играть сыграть
0%
to notice замечать заметить
0%
to know how уметь суметь
0%
to run бежать побежать
0%
to help помогать помочь
0%
to consider считать счесть
0%
to count считать сосчитать
0%
to scream кричать закричать
0%
to be in time успевать успеть
0%
to forget забывать забыть
0%
to call / summon звать позвать
0%
to sit down садиться сесть
0%
to bring приносить принести
0%
to gather / intend to собираться собраться
0%
to hit / get to попадать попасть
0%
to follow следовать последовать
0%
to grow расти вырасти
0%
to have to приходиться прийтись
0%
to keep держать подержать
0%
to stop останавливаться остановиться
0%
to rise / climb подниматься подняться
0%
to build строить построить
0%
to teach учить научить
0%
to smile улыбаться улыбнуться
0%
to be situated находиться найтись
0%
to look (at) глядеть поглядеть
0%
to believe верить поверить
0%
to present / introduce представлять представить
0%
to search искать поискать
0%
to serve служить послужить
0%
to drink пить выпить
0%
No matching quizzes found
Score Distribution
Percent of People with Each Score
Percentile by Number Answered
Your Score History
You have not taken this quiz